UBT Library

Program evaluation : (Record no. 41169)

000 -LEADER
fixed length control field 00766pam a2200241 a 4500
001 - CONTROL NUMBER
control field 3431675
005 - DATE AND TIME OF LATEST TRANSACTION
control field 20180129074953.0
008 - FIXED-LENGTH DATA ELEMENTS--GENERAL INFORMATION
fixed length control field 910220s1992 njua b 001 0 eng
010 ## - LIBRARY OF CONGRESS CONTROL NUMBER
LC control number 91010726
020 ## - INTERNATIONAL STANDARD BOOK NUMBER
International Standard Book Number 0136781292
040 ## - CATALOGING SOURCE
Original cataloging agency DLC
Transcribing agency DLC
Modifying agency DLC
041 ## - LANGUAGE CODE
Language code of text/sound track or separate title eng
043 ## - GEOGRAPHIC AREA CODE
Geographic area code n-us---
080 ## - UNIVERSAL DECIMAL CLASSIFICATION NUMBER
Universal Decimal Classification number 361.61072 emi
082 00 - DEWEY DECIMAL CLASSIFICATION NUMBER
Classification number 361.61072 emi
Edition number 20
100 1# - Rafti
Rafti 46
101 ## - Shkurtesa
Shkurtesa edu
245 10 - TITLE STATEMENT
Title Program evaluation :
Statement of responsibility, etc Emil J. Posavac, Raymond G. Carey.
504 ## - BIBLIOGRAPHY, ETC. NOTE
Bibliography, etc Includes bibliographical references (p. 303-317) and indexes.
906 ## - LOCAL DATA ELEMENT F, LDF (RLIN)
a 7
b cbc
c orignew
d 1
e ocip
f 19
g y-gencatlg
942 ## - ADDED ENTRY ELEMENTS (KOHA)
Source of classification or shelving scheme
Item type Books
Holdings
Withdrawn status Lost status Source of classification or shelving scheme Damaged status Not for loan Collection code Permanent location Current location Shelving location Date acquired Total Checkouts Full call number Barcode Date last seen Price effective from Koha item type
          Koleksioni i përgjithshem UBT - Lipjan UBT - Lipjan Koleksioni i përgjithshem 01/29/2018   361.61072 emi 002-2997018 01/29/2018 01/29/2018 Books
UBT Library © 2015-2024. All rights reserved University Education for Business and Technology